Súčinnosť svedomia, základnej voľby a náboženskej slobody

Bibliographic Details
Main Author: Kútny, Ivan, 1955- (Author)
Corporate Author: Trnavská univerzita v Trnave. Teologická fakulta v Bratislave
Format: Software eBook
Language:Slovak
PhysicalDescription:1 elektronický optický disk (CD-ROM) 12 cm
Published: Trnava Dobrá kniha 2015
ISBN:9788071419754
Edition:Prvé vyd.
Subjects:

MARC

LEADER 00000nam a2200000 a 4500
001 vtls011569134
003 SK-MaSNL
005 20260302084952.0
007 co bg auuua
008 240318s2015 xo | fs 000 0 slo
015 |a SNBS2017 
020 |a 9788071419754  |q (elektronická kniha) 
040 |a SNK  |b slo  |c SNK  |e AACR2 
041 0 |a slo  |b eng 
044 |a xo  |c SK 
072 7 |a 27-4  |x Praktická teológia. Morálna teológia  |2 konspekt 
080 |a 27-423.35  |2 2011 
080 |a 27-42  |2 2011 
080 |a 342.731  |2 2011 
080 |a 27-184  |2 2011 
080 |a (0.034.44)  |2 2011 
080 |a (048.8)  |2 2011 
100 1 |a Kútny, Ivan,  |d 1955-  |4 aut  |9 100870 
245 1 0 |a Súčinnosť svedomia, základnej voľby a náboženskej slobody  |h elektronický zdroj  |c Ivan Kútny 
250 |a Prvé vyd. 
260 |a Trnava  |b Dobrá kniha  |c 2015 
300 |a 1 elektronický optický disk (CD-ROM)  |c 12 cm 
500 |a Názov z titulnej obrazovky 
504 |a Bibliogr. odkazy 
516 |a Textový dokument (monografia), súbor vo formáte pdf 
538 |a Technické požiadavky: PDF prehliadač 
546 |a Res. v angl. 
650 0 7 |a svedomie  |2 SNKPH  |9 13868 
650 0 7 |a náboženská sloboda  |2 SNKPH  |9 2171 
650 0 7 |a Boh a človek  |2 SNKPH  |9 1711 
650 0 7 |a morálna teológia  |2 SNKPH  |9 881 
650 0 7 |a Conscience  |2 SNKPHeng  |9 325332 
650 0 7 |a Freedom of religion  |2 SNKPHeng  |9 287587 
650 0 7 |a Relations between God and man  |2 SNKPHeng  |9 303193 
650 0 7 |a Moral theology  |2 SNKPHeng  |9 267040 
655 7 |a elektronické zdroje  |2 SNKPH  |9 90954 
655 7 |a CD-ROM  |2 SNKPH  |9 70236 
655 7 |a monografie  |2 SNKPH  |9 70139 
655 7 |a Electronic resources  |2 SNKPHeng  |9 175546 
655 7 |a Monographs  |2 SNKPHeng  |9 120675 
710 2 |a Trnavská univerzita v Trnave.  |b Teologická fakulta v Bratislave  |9 119703 
919 |a 978-80-7141-975-4 
958 |a NB 
958 |a NT 
999 |c 1190047  |d 1191977 
952 |a SNK  |b SNK  |y PREZ  |7 0  |p 17A1199563  |o snkSCDM 8686  |i snk2016/17689  |8 0  |0 0  |1 0  |4 0  |d 2016-07-25  |l 0  |r 2026-02-24 22:08:49  |w 2026-02-24 
952 |t snkSUC 2-423.35  |a SNKMST  |b SNKMST  |y PREZ  |7 0  |p 17A1199512  |o snkSCDM 8686 D1  |i snk2016/17691  |8 0  |0 0  |1 0  |4 0  |d 2016-07-25  |l 0  |r 2025-08-13 00:00:00  |w 2026-02-24